A new bacteroides conjugative transposon that carries an ermB gene /
Na minha lista:
| Outros Autores: | , , , |
|---|---|
| Formato: | Atigo |
| Idioma: | English |
| Assuntos: | |
| Tags: |
Adicionar Tag
Sem tags, seja o primeiro a adicionar uma tag!
|
| Thư viện lưu trữ: | Thư viện Trường Đại học Đà Lạt |
|---|
| LEADER | 00995nam a2200349 4500 | ||
|---|---|---|---|
| 001 | DLU090092910 | ||
| 005 | ##20091201 | ||
| 040 | # | # | |a DLU |b eng |
| 041 | # | # | |a eng |
| 044 | # | # | |a us |
| 245 | # | # | |a A new bacteroides conjugative transposon that carries an ermB gene / |c Anamika Gupta ... [et al.]. |
| 653 | # | # | |a Antibiotic |
| 653 | # | # | |a Bacteria |
| 653 | # | # | |a Bacteroides |
| 653 | # | # | |a Conjugation |
| 653 | # | # | |a Erythromycin |
| 653 | # | # | |a Genes |
| 653 | # | # | |a Resistance |
| 700 | # | # | |a Gupta, Anamika. |
| 700 | # | # | |a Salyers, Abigail A. |
| 700 | # | # | |a Shoemaker, Nadja. |
| 700 | # | # | |a Vlamakis, Hera. |
| 773 | # | # | |t Applied and Environmental Microbiology |g Vol. 69, no. 11 (November 2003), p. 6455-6463 |
| 920 | # | # | |a Phòng Tạp chí -- Trung tâm Thông tin - Thư viện Trường Đại học Đà Lạt |
| 994 | # | # | |a DLU |
| 900 | # | # | |a True |
| 911 | # | # | |a Trương Bảo Trâm Anh |
| 925 | # | # | |a G |
| 926 | # | # | |a A |
| 927 | # | # | |a BB |
| 980 | # | # | |a Thư viện Trường Đại học Đà Lạt |